[Event "Del Sur U2400 Hybrid op 5th"]
[Site "Tornelo INT"]
[Date "2022.01.21"]
[Round "3"]
[White "Perez Rivero, Juan Jose"]
[Black "Abrantes Rivero, Miguel David"]
[Result "1/2-1/2"]
[WhiteElo "1791"]
[BlackElo "1600"]
[PlyCount "98"]
[EventDate "2022.01.21"]
[EventType "swiss"]
[EventRounds "6"]
[EventCountry "VEN"]
[SourceTitle "EXT 2023"]
[Source "ChessBase"]
[SourceDate "2022.10.05"]
[SourceVersion "1"]
[SourceVersionDate "2022.10.05"]
[SourceQuality "1"]

1. Nf3 d5 2. g3 c5 3. Bg2 Nc6 4. d4 c4 5. 0-0 Bf5 6. b3 cxb3 7. axb3 e6 8. c4 Nf6 9. Nc3 Bb4 10. Bb2 Bxc3 11. Bxc3 Ne4 12. Bb2 0-0 13. Nd2 Nf6 14. Kh1 Qb6 15. c5 Qb5 16. f3 Rfd8 17. Re1 Nb4 18. e4 dxe4 19. Nxe4 Nd3 20. Qe2 Bxe4 21. fxe4 a6 22. Red1 Nxb2 23. Qxb2 b6 24. Qc3 Rac8 25. b4 h6 26. Qa3 a5 27. bxa5 bxc5 28. Rdb1 Qe2 29. Rb2 Qc4 30. dxc5 Nxe4 31. Qe3 Nxc5 32. Rc1 Qd3 33. Qxd3 Nxd3 34. Rxc8 Rxc8 35. Rb1 Nc5 36. Kg1 Rc7 37. Rc1 Kf8 38. Ra1 Ra7 39. Ra3 Ke7 40. Kf2 Kd6 41. Ke3 Nb7 42. a6 Nc5 43. Bf1 Kc6 44. Kd4 Kb6 45. h4 Nxa6 46. Rb3+ Kc7 47. Ra3 Kb6 48. Rb3+ Ka5 49. Ra3+ Kb6 1/2-1/2